| 000 | 01146nam a22002657a 4500 | ||
|---|---|---|---|
| 005 | 2010081401591.0 | ||
| 010 | _aHIN-90151 | ||
| 020 |
_a8188570699 _c160.00 |
||
| 035 | _aHN-62497 | ||
| 037 | _bDBAD / PUB | ||
| 082 | _aक | ||
| 100 |
_aश्रीवास्तव, शशि _924279 |
||
| 245 |
_aतू कहीं सो गई तो: _cशशि श्रीवास्तव _bकहानी संग्रह / |
||
| 246 |
_aTu Kahin So Gai To _bby Shashi Shrivastava |
||
| 260 |
_aकानपुर _bविकास प्रकाशन _c2009 |
||
| 270 |
_a311, सी. विश्व बैंक, बर्रा _bकानपुर _e208027 |
||
| 300 |
_a107पृ _c22सेमी (सजिल्द) |
||
| 650 |
_bलघु कथाएँ, हिन्दी _91169 |
||
| 650 |
_bShort Stories, Hindi _924280 |
||
| 700 | _97228 | ||
| 700 | _97267 | ||
| 700 | _97698 | ||
| 942 |
_adpl _cHN _k _2ddc _mश्रीवास्त _hक |
||
| 999 |
_c41837 _d41837 |
||